|
|
|
|
| LEADER |
00000nab a2200000 a 4500 |
| 001 |
vtls000065614 |
| 003 |
SK-MaSNL |
| 005 |
20260304071358.0 |
| 008 |
250422c1980 xo 0 slo |
| 015 |
|
|
|a SNBRB19rr/mm-uuuuu
|
| 035 |
|
|
|a CL0075714
|
| 035 |
|
|
|a urn:nbn:sk:snk-abb91b
|
| 035 |
|
|
|a (urnnbn)urn:nbn:sk:snk:ar-000nbu
|
| 035 |
|
|
|a (uuid)14227a43-2527-4b2d-8022-77af4f6eae57
|
| 040 |
|
|
|a SNKBUCL
|b slo
|c SNKBUCL
|e AACR2
|
| 041 |
0 |
|
|a slo
|
| 044 |
|
|
|a xo
|c SK
|
| 080 |
|
|
|a 002.6:3
|2 1981
|
| 080 |
|
|
|a 3
|2 1981
|
| 080 |
|
|
|a 002.61
|2 1981
|
| 080 |
|
|
|a 339.923
|2 1981
|
| 080 |
|
|
|a 061.1(4-11)
|2 1981
|
| 080 |
|
|
|a 3(100.3 RVHP)
|2 1981
|
| 100 |
1 |
|
|a Boldiš, Jozef,
|d 1920-1998
|4 aut
|9 243816
|
| 245 |
1 |
0 |
|a Prínos MISON k zdokonaleniu spoločenskovedných informácií
|c Jozef Boldiš
|
| 650 |
0 |
7 |
|a informácie spoločenskovedné
|2 snkbucl
|9 921869
|
| 650 |
0 |
7 |
|a MISON
|2 snkbucl
|9 922900
|
| 655 |
|
7 |
|a články z novín a časopisov
|2 snkbucl
|9 267496
|
| 773 |
0 |
|
|t Čitateľ
|g Roč. 29, č. 9 (1980), s. 330-331
|
| 850 |
|
|
|a Slovenská národná knižnica
|
| 852 |
|
|
|a Slovenská národná knižnica
|
| 954 |
|
|
|a odborná, vedecká literatúra pôvodná (slovenská)
|2 lita
|
| 958 |
|
|
|a article15
|
| 958 |
|
|
|a OND
|
| 958 |
|
|
|a RK
|
| 958 |
|
|
|a KL
|
| 958 |
|
|
|a EUIPO
|
| 992 |
|
|
|a RBX
|
| 999 |
|
|
|c 2760159
|d 2762089
|